Biogeochemistry of a forest ecosystem

Αποθηκεύτηκε σε:
Λεπτομέρειες βιβλιογραφικής εγγραφής
Κύριος συγγραφέας: Likens, Gene E. 1935-
Άλλοι συγγραφείς: Bormann, Herbert F. 1922-
Μορφή: Βιβλίο
Γλώσσα:English
Δημοσίευση: New York : Springer-Verlag, c1955
Έκδοση:2nd ed.
Θέματα:
Ετικέτες: Προσθήκη ετικέτας
Δεν υπάρχουν, Καταχωρήστε ετικέτα πρώτοι!

MARC

LEADER 00000nam a2200000 i 4500
001 1/18481
008 981019s1995 eng d
020 |a 0-387-94351-X 
035 |l 10020929 
040 |a GR-MY-UA  |b gre  |e aacr 
041 0 |a eng 
082 0 |a 574.52642097423 
100 1 |a Likens, Gene E.  |d 1935- 
245 1 0 |a Biogeochemistry of a forest ecosystem /  |c Gene E. Likens, F. Herbert Bormann 
250 |a 2nd ed. 
260 |a New York :   |b Springer-Verlag,   |c c1955 
300 |a xii, 159 σ.;  |b εικ.;  |c 25 εκ. 
500 |a Rev. ed. of: Biogeochemistry of a forested ecosystem/Gene E. Likens ... [κ.ά.] 
504 |a Περιέχει βιβλιογραφικές παραπομπές (σ. 133-150) και ευρετήριο 
650 0 0 |a Forest ecology  |z New Hampshire  |z Hubbard Brook Experimental forest. 
650 0 0 |a Biogeochemistry  |z New Hampshire  |z Hubbard Brook Experimental Forest. 
651 0 |a Hubbard Brook Experimental Forest (N.H.) 
700 1 |a Bormann, Herbert F.  |d 1922- 
852 |a INST  |b LESVOS  |e 19981019  |h 574.52642097423 LIK  |p 005100018489  |q 005100018489  |t BK  |y 0 
901 |a BIBL-1999-1 
909 |a Λ  |b 059561 
922 |a 1ΕΛΗ  |b 199809  |c ΚΠΣ/ΤΠ  |d ΠΑΠΑΣΩΤΗΡΙΟΥ 
950 |a 107-1998-07-09